1446 1563 1677 1095 1353 1039 1560 1270 1171 1024 1962 1482 1199 1553 1326 1242 1348 1488 1852 1574 1046 1745 1252 1685 1632 1620 1469 1579 1239 1200 1255 1337 1247 1627 1408 1304 1816 1060 1063 1491 1455 1289 1213 1593 1999 1017 1235 1857 1179 1581 1686 1041 1935 1569 1848 1694 1171 1227 1851 1837 1613 1103 1209 1330 1444 1976 1797 1631 1119 1729 1258 1269 1405 1814 1316 1104 1506 1776 1168 1104 1017 1742 1097 1545 1571 1184 1695 1259 1950 1354 1725 1194 1667 1947 1076 1447 1130 1908 1561 BCNSPRNW ULIB Ver.6.0+V

เปลี่ยนเป็นภาษาไทย

Change to English
 แสดงรายละเอียดบรรณานุกรม
  กลับหน้าหลัก

Brief Record : Get Marc (ISO 2709) : E-mail record : QR code < ปิดหน้าต่าง
LEADER : 00000nam 2200000uu 4500
001    13399120206
003     ULIB
008    120912s2553||||th 000 0 tha d
020    ^a9789741075430
050  4 ^aLB1043^bน784ก
100 0  ^aเนตร หงษ์ไกรเลิศ
245 10 ^aการใช้โสตทัศนูปกรณ์ /^cเนตร หงษ์ไกรเลิศ, ธนะเมศฐ์ รฐาพงศ์พัชรา และปณิธาน มหุวรรณ ; อรุณี ยันตรปกรณ์; บรรณาธิการ
250    ^aพิมพ์ครั้งที่ 1
260    ^aนนทบุรี :^bโครงการสวัสดิการวิชาการ สถาบันพระบรมราชชนก, ^c2553
300    ^a221 หน้า :^bภาพประกอบ
650  7 ^aโสตทัศนูปกรณ์
650  7 ^aโสตทัศนศึกษา
710 2  ^aสถาบันพระบรมราชชนก.^bโครงการสวัสดิการวิชาการ
945    ^p250^l0^i19521
995    ^aกัณชพร
999    ^aทศพร เกษรทอง
รายการนี้ยังไม่มีแท็ก
คุณยังไม่ได้ล็อกอิน คุณสามารถมีกิจกรรมร่วมกับเว็บไซต์ได้ แต่ต้องล็อกอินก่อน ::
  ล็อกอิน

รายการสื่อสารสนเทศ

ลำดับที่ ประเภท เลขเรียก/บาร์โค้ด สถานที่ สถานะ
1. วิทยาศาสตร์การแพทย์ และสุขภาพ
วิทยาศาสตร์การแพทย์ และสุขภาพ
LB1043 น784ก  
  Barcode: 19521
ห้องสมุดวิทยาเขตสวรรค์ประชารักษ์
►หนังสือทั่วไป
บนชั้น

รายการใกล้เคียง
    ผู้แต่ง [เนตร หงษ์ไกรเลิศ]

    หัวเรื่อง [โสตทัศนูปกรณ์]
    หัวเรื่อง [โสตทัศนศึกษา]

BibComment


ยังไม่เคยถูกคอมเมนท์

คอมเมนท์ทรัพยากรรายการนี้
  คอมเมนท์: การใช้โสตทัศนูปก..


 Copyright 2026. Bcnsprnw @Library